Nové poznatky o telesách bázických vulkanitov v krížňanskom príkrove sz. časti Veľkej Fatry

Podrobná bibliografia
Hlavný autor: Fojtík, Ivo (Autor)
Médium: Článok
Jazyk:slovenčina
Fyzický popis:Obr. 3. Res. angl., lit. 7 zázn. v slov., angl.
Predmet:

MARC

LEADER 00000nab a2200000 a 4500
001 vtls000444280
003 SK-MaSNL
005 20260304102724.0
008 160204c1989 xo 0 slo
015 |a SNBRA19rr/mm-uuuuu 
035 |a CL0444410 
040 |a SNKBUCL  |b slo  |c SNKBUCL  |e AACR2 
041 0 |a slo 
044 |a xo  |c SK 
080 |a 552.313  |2 1981 
100 1 |a Fojtík, Ivo  |4 aut  |9 526587 
245 1 0 |a Nové poznatky o telesách bázických vulkanitov v krížňanskom príkrove sz. časti Veľkej Fatry  |c Ivo Fojtík 
300 |b Obr. 3. Res. angl., lit. 7 zázn. v slov., angl. 
650 0 7 |a bázické vulkanity  |2 snkbucl  |9 1231949 
651 7 |a Veľká Fatra (Slovensko : pohorie)  |2 snkbucl  |9 24653 
655 7 |a články zo zborníkov  |2 snkbucl  |9 166140 
773 0 |t Správy o výskumoch Geologického ústavu Dionýza Štúra 25  |d Bratislava : Geologický ústav D. Štúra, 1989  |g S. 103-108 
850 |a Slovenská národná knižnica v Martine  |a MTA001 
852 |a SNK  |b KIS3GCP 
958 |a NB 
958 |a RK 
992 |a RZB 
999 |c 2846305  |d 2848235